A pszichikum egyensúlyának esztétikai problémáiról
Elmentve itt :
| Szerző: | |
|---|---|
| Adatforrás: | Philobibl |
| Forrásdokumentuma: | Tájékoztató 1984/6., 149-177. p. |
| Dokumentumtípus: | Cikk |
| Nyelv: | magyar |
| LEADER | 00304nab a2200097 c 4500 | ||
|---|---|---|---|
| 001 | bibDOK00004233 | ||
| 005 | 20200924120024.8 | ||
| 008 | 060518s1984 xx hun | ||
| 100 | 1 | |a Balogh Tibor | |
| 245 | 1 | 2 | |a A pszichikum egyensúlyának esztétikai problémáiról |c Balogh Tibor |
| 773 | 0 | |t Tájékoztató |g 1984/6., 149-177. p. | |